National HIV/AIDS/STI/TB policy (Record no. 32136)

MARC details
000 -LEADER
fixed length control field 00836nam a2200181 a 4500
008 - FIXED-LENGTH DATA ELEMENTS--GENERAL INFORMATION
fixed length control field 131010s2005 ||||||||||||||||| || u
050 ## - LIBRARY OF CONGRESS CALL NUMBER
Classification number GOV.ZAM.H4(02)
110 ## - MAIN ENTRY--CORPORATE NAME
Corporate name or jurisdiction name as entry element Government of the Republic of Zambia. Ministry of Health
245 10 - TITLE STATEMENT
Title National HIV/AIDS/STI/TB policy
Statement of responsibility, etc. by Government of the Republic of Zambia, Ministry of Health [MoH]
260 ## - PUBLICATION, DISTRIBUTION, ETC.
Place of publication, distribution, etc. Lusaka:
Name of publisher, distributor, etc. Government of the Republic of Zambia, Ministry of Health
Date of publication, distribution, etc. 2005
300 ## - PHYSICAL DESCRIPTION
Extent vii, 45p.
362 1# -
-- <p>June 2005</p>
650 ## - SUBJECT ADDED ENTRY--TOPICAL TERM
Topical term or geographic name entry element SEXUALLY STRANSMITTED INFECTIONS--POLICY--ZAMBIA
650 ## - SUBJECT ADDED ENTRY--TOPICAL TERM
Topical term or geographic name entry element HIV/AIDS POLICY--ZAMBIA
650 ## - SUBJECT ADDED ENTRY--TOPICAL TERM
Topical term or geographic name entry element HIV/AIDS PREVENTION AND CARE--ZAMBIA
650 ## - SUBJECT ADDED ENTRY--TOPICAL TERM
Topical term or geographic name entry element TUBERCULOSIS POLICY--ZAMBIA
995 ## -
-- SPECIAL COLLECTIONS
-- 1045
-- CBU-SCHOOL OF MEDICINE LIBRARY (Ndola)
-- GOV.ZAM.H4(02)2005/2
-- 1
-- AVAILABLE
-- Oct 18, 2013
-- B1045
-- Zambiana Collection
999 ## -
-- 32136
-- 32136
Holdings
Withdrawn status Lost status Source of classification or shelving scheme Damaged status Not for loan Permanent Location Current Location Shelving location Date acquired Total Checkouts Full call number Barcode Date last seen Price effective from Koha item type
          CBU-SCHOOL OF MEDICINE LIBRARY, NDOLA. CBU-SCHOOL OF MEDICINE LIBRARY, NDOLA.   11/30/2022   GOV.ZAM.H4(02) B1045 11/30/2022 11/30/2022 MONOGRAPH